Skutočne je živelnosť a chaos v slovenskej geológii? Geoenergia - zdroj budúcnosti. Litera zákona je jednoznačná. Nepresnosti geotermálnej energii nepomôžu

Ohlasy na článok E. Dobru, uverejnený 2.2.1996, o problémoch aplikovanej geológie na Slovensku. Využívanie geotermálnej energie. Povinnosť evidovať geologické informácie. Projekty využívania geotermálnych vrtov. Nedostatočná informovanosť a neznalosť problematiky geoenergie na Slovensku. Organizácia...

Descripción completa

Guardado en:
Detalles Bibliográficos
Autor principal: Együd, K.
Otros Autores: Lacko, L.
Formato: Capítulo de libro
Lenguaje:eslovaco
Materias:
Etiquetas: Agregar Etiqueta
Sin Etiquetas, Sea el primero en etiquetar este registro!

MARC

LEADER 00000naa a2200000 4500
001 r020893
005 20230801103234.3
041 0 |a slo 
044 |a SK 
245 1 0 |a Skutočne je živelnosť a chaos v slovenskej geológii?  |b Geoenergia - zdroj budúcnosti. Litera zákona je jednoznačná. Nepresnosti geotermálnej energii nepomôžu  |c K. Együd, L. Lacko 
520 |a Ohlasy na článok E. Dobru, uverejnený 2.2.1996, o problémoch aplikovanej geológie na Slovensku. Využívanie geotermálnej energie. Povinnosť evidovať geologické informácie. Projekty využívania geotermálnych vrtov. Nedostatočná informovanosť a neznalosť problematiky geoenergie na Slovensku. Organizácia slovenskej geológie a jej legislatíva. 
610 2 0 |a Slovensko 
610 2 0 |a geológia 
610 2 0 |a diskusia 
610 2 0 |a energia geotermálna 
610 2 0 |a legislatíva 
100 1 |a Együd, K. 
700 1 |a Lacko, L.